[Event "Superbet Varsavia Blitz 2026"]
[Site "Varsavia"]
[Date "08.05.2026"]
[Round "1B"]
[White "Duda, Jan-Krzysztof"]
[Black "Sindarov, Javokhir"]
[Result "1/2-1/2"]
[WhiteElo "2743"]
[BlackElo "2662"]
[PlyCount "87"]
[EventDate "2026.??.??"]

1. e4 c5 2. Nf3 e6 3. g3 d5 4. exd5 exd5 5. Bg2 Qe7+ 6. Qe2 Qxe2+ 7. Kxe2 Nc6
8. Re1 Bd6 9. Nc3 Nge7 10. d4 a6 11. Kf1 O-O 12. dxc5 Bxc5 13. Na4 Ba7 14. Be3
d4 15. Nxd4 Nxd4 16. Bxd4 Bxd4 17. Rxe7 Bf6 18. Rc7 Rb8 19. c3 b5 20. Nc5 b4
21. Ne4 Bd8 22. Rc5 bxc3 23. bxc3 Be6 24. a4 Rb2 25. a5 h6 26. Rc6 Bd7 27. Rd6
Bb5+ 28. Kg1 Bxa5 29. Bf1 Bc7 30. Rd2 Rxd2 31. Nxd2 Be5 32. Ra3 Rd8 33. Bxb5
axb5 34. Nf3 Bf6 35. Kg2 Rd5 36. Rb3 Kf8 37. Nd4 Bxd4 38. cxd4 Rxd4 39. Rxb5 g6
40. h4 h5 41. Ra5 Rc4 42. Rb5 Rd4 43. Ra5 Rc4 44. Rb5 1/2-1/2

[Event "Superbet Varsavia Blitz 2026"]
[Site "Varsavia"]
[Date "08.05.2026"]
[Round "2B"]
[White "Sindarov, Javokhir"]
[Black "Caruana, Fabiano"]
[Result "0-1"]
[WhiteElo "2662"]
[BlackElo "2749"]
[PlyCount "112"]
[EventDate "2026.??.??"]

1. e4 c5 2. Nc3 d6 3. f4 g6 4. Nf3 Bg7 5. Bb5+ Bd7 6. Bc4 Nc6 7. d3 e6 8. f5
gxf5 9. exf5 d5 10. Bb3 Nge7 11. fxe6 fxe6 12. O-O O-O 13. Kh1 a6 14. Ne2 Ng6
15. c3 Nce5 16. Nxe5 Rxf1+ 17. Qxf1 Bxe5 18. d4 cxd4 19. Nxd4 Qh4 20. Nf3 Rf8
21. Qg1 Qh5 22. Nxe5 Nxe5 23. Be3 Ng4 24. h3 Qh4 25. Qe1 Qxe1+ 26. Rxe1 Nxe3
27. Rxe3 Rf2 28. Kg1 Rxb2 29. c4 d4 30. Re4 Bc6 31. Rxd4 Rxg2+ 32. Kf1 Kg7 33.
Rd6 Rg6 34. c5 e5 35. Rd2 Kf6 36. Bd5 Kg5 37. Bxc6 Rxc6 38. Rd7 h5 39. Rxb7
Rxc5 40. a4 Rc4 41. a5 Rc5 42. Rg7+ Kh4 43. Kg2 Rxa5 44. Rh7 Ra3 45. Re7 Rg3+
46. Kf2 Rxh3 47. Rxe5 Ra3 48. Rc5 a5 49. Rc4+ Kh3 50. Rc5 h4 51. Rc4 a4 52. Rd4
Ra2+ 53. Kg1 a3 54. Rd3+ Kg4 55. Rd4+ Kg3 56. Rc4 Ra1+ 0-1

[Event "Superbet Varsavia Blitz 2026"]
[Site "Varsavia"]
[Date "08.05.2026"]
[Round "2B"]
[White "Niemann, Hans Moke"]
[Black "Fedoseev, Vladimir"]
[Result "1-0"]
[WhiteElo "2699"]
[BlackElo "2756"]
[PlyCount "78"]
[EventDate "2026.??.??"]

1. e4 e5 2. Nf3 Nc6 3. Bc4 Bc5 4. d3 Nf6 5. c3 h6 6. O-O d6 7. Re1 Bb6 8. Nbd2
O-O 9. Nf1 Re8 10. a4 Be6 11. Bxe6 Rxe6 12. b4 a5 13. b5 Nb8 14. Ng3 Nbd7 15.
d4 c6 16. bxc6 bxc6 17. Rb1 Qc7 18. Be3 exd4 19. Bxd4 Rae8 20. Bxb6 Nxb6 21.
Nd4 Re5 22. f4 Rc5 23. Ndf5 Re6 24. Qd4 h5 25. e5 Rc4 26. Qxb6 Qxb6+ 27. Rxb6
dxe5 28. fxe5 Nd7 29. Rb7 Nxe5 30. Re7 Nd3 31. R1xe6 fxe6 32. Rxg7+ Kf8 33.
Rf7+ Kg8 34. Nh6+ Kh8 35. h3 Nf4 36. Ra7 Rxa4 37. Kf2 h4 38. Nf1 Nd5 39. c4
Rxc4 1-0

[Event "Superbet Varsavia Blitz 2026"]
[Site "Varsavia"]
[Date "08.05.2026"]
[Round "2B"]
[White "Gukesh, Dommaraju"]
[Black "Firouzja, Alireza"]
[Result "0-1"]
[WhiteElo "2646"]
[BlackElo "2796"]
[PlyCount "76"]
[EventDate "2026.??.??"]

1. d4 Nf6 2. Nf3 d5 3. c4 e6 4. g3 dxc4 5. Bg2 Nbd7 6. O-O c6 7. a4 a5 8. Na3
Bxa3 9. Rxa3 O-O 10. Nd2 Nb6 11. e3 Re8 12. Qe2 e5 13. dxe5 Rxe5 14. Nxc4 Bg4
15. f3 Nxc4 16. Qxc4 Be6 17. Qc2 Qb6 18. Qf2 Rd8 19. e4 Qxf2+ 20. Rxf2 Rc5 21.
Be3 Rd1+ 22. Bf1 Rc4 23. Rd2 Rcc1 24. Rxd1 Rxd1 25. Kf2 Nd7 26. Rc3 Kf8 27. Be2
Ra1 28. f4 Rxa4 29. f5 Ba2 30. Bd3 Rb4 31. Bc1 Ne5 32. Bc2 a4 33. Ke3 f6 34.
Ke2 Ke8 35. h3 Kd7 36. g4 Bb3 37. Bb1 a3 38. bxa3 Bc4+ 0-1

[Event "Superbet Varsavia Blitz 2026"]
[Site "Varsavia"]
[Date "08.05.2026"]
[Round "2B"]
[White "Duda, Jan-Krzysztof"]
[Black "Wojtaszek, Radoslaw"]
[Result "1-0"]
[WhiteElo "2743"]
[BlackElo "2558"]
[PlyCount "45"]
[EventDate "2026.??.??"]

1. c4 Nf6 2. Nc3 e5 3. Nf3 Nc6 4. a3 d5 5. cxd5 Nxd5 6. Qc2 Nxc3 7. dxc3 Bd6 8.
e4 a5 9. Bg5 Qd7 10. O-O-O Qe6 11. Kb1 O-O 12. Be3 a4 13. Ng5 Qe8 14. Bb5 h6
15. Nf3 Be6 16. c4 Ra5 17. Qc3 Qa8 18. Bb6 cxb6 19. Rxd6 Na7 20. Rxb6 Nxb5 21.
cxb5 Rc8 22. Qxe5 Qa7 23. Rxe6 1-0

[Event "Superbet Varsavia Blitz 2026"]
[Site "Varsavia"]
[Date "08.05.2026"]
[Round "2B"]
[White "Vachier-Lagrave, Maxime"]
[Black "So, Wesley"]
[Result "1/2-1/2"]
[WhiteElo "2761"]
[BlackElo "2798"]
[PlyCount "104"]
[EventDate "2026.??.??"]

1. e4 e5 2. Nf3 Nc6 3. Bb5 Nf6 4. O-O Nxe4 5. d4 Nd6 6. Bxc6 dxc6 7. dxe5 Nf5
8. Qe2 Nd4 9. Nxd4 Qxd4 10. h3 Be6 11. Rd1 Qc4 12. Rd3 Rd8 13. b3 Qh4 14. Rxd8+
Kxd8 15. Nd2 Kc8 16. Nf3 Qh5 17. Qe3 b6 18. Bb2 Qg6 19. c4 Bc5 20. Bd4 Be7 21.
Kh2 c5 22. Bc3 Rd8 23. Bd2 Kb8 24. Rc1 h6 25. Qe2 a5 26. Be3 Qd3 27. Qxd3 Rxd3
28. Ne1 Rd8 29. a4 h5 30. g3 g5 31. Kg2 g4 32. h4 Bf5 33. Kf1 Bf8 34. Bf4 Bg7
35. Rc3 Rd1 36. Ke2 Rb1 37. Re3 Kc8 38. f3 Rb2+ 39. Kf1 Kd7 40. fxg4 Bxg4 41.
Nf3 Bxf3 42. Rxf3 Ke6 43. Re3 c6 44. Ke1 Kf5 45. Kf1 Ke6 46. Ke1 Rc2 47. Kd1
Ra2 48. Ke1 Rb2 49. Kf1 Rd2 50. Ke1 Rb2 51. Kf1 Rd2 52. Ke1 Rb2 1/2-1/2

[Event "Superbet Varsavia Blitz 2026"]
[Site "Varsavia"]
[Date "08.05.2026"]
[Round "3B"]
[White "So, Wesley"]
[Black "Niemann, Hans Moke"]
[Result "1-0"]
[WhiteElo "2798"]
[BlackElo "2699"]
[PlyCount "100"]
[EventDate "2026.??.??"]

1. d4 Nf6 2. c4 e6 3. Nf3 d5 4. Nc3 Bb4 5. cxd5 exd5 6. Bg5 h6 7. Bh4 O-O 8. e3
Bf5 9. Rc1 Nbd7 10. Qb3 Bxc3+ 11. Rxc3 c6 12. Nd2 a5 13. a4 Qe7 14. Be2 Qb4 15.
O-O Rfe8 16. Ra1 g5 17. Bg3 c5 18. dxc5 d4 19. Qxb4 axb4 20. Rc4 dxe3 21. fxe3
Rxe3 22. Bf3 Rd3 23. Nf1 Nd5 24. c6 bxc6 25. Rxc6 Be6 26. a5 g4 27. Be2 Rb3 28.
Rc2 Ne3 29. Nxe3 Rxe3 30. a6 b3 31. Rd2 Nc5 32. a7 Ne4 33. Bf4 Nxd2 34. Bxe3
Nc4 35. Bxc4 Bxc4 36. Bxh6 f6 37. Ra4 Be6 38. Be3 Kf7 39. Kf2 Bd5 40. Rxg4 Rc8
41. Rd4 Ke6 42. h4 Ba8 43. g4 Rc2+ 44. Rd2 Rc8 45. Kg3 Rg8 46. Rd3 Bd5 47. Bf4
Ba8 48. Rxb3 Rg7 49. Be3 f5 50. g5 Kd5 1-0

[Event "Superbet Varsavia Blitz 2026"]
[Site "Varsavia"]
[Date "08.05.2026"]
[Round "3B"]
[White "Caruana, Fabiano"]
[Black "Vachier-Lagrave, Maxime"]
[Result "1-0"]
[WhiteElo "2749"]
[BlackElo "2761"]
[PlyCount "85"]
[EventDate "2026.??.??"]

1. Nf3 d5 2. c4 d4 3. b4 c5 4. Bb2 f6 5. b5 e5 6. d3 Bd6 7. g3 Ne7 8. Bg2 O-O
9. O-O Nd7 10. e3 f5 11. Nbd2 Nf6 12. exd4 exd4 13. Re1 Ng6 14. Ng5 Re8 15.
Rxe8+ Qxe8 16. Qf1 h6 17. Re1 Qf8 18. Ne6 Qf7 19. Qe2 Rb8 20. Ba3 Bxe6 21. Qxe6
Qxe6 22. Rxe6 Bf8 23. Bh3 f4 24. Ne4 Nxe4 25. Rxe4 Kf7 26. Be6+ Kf6 27. Bd5
fxg3 28. hxg3 h5 29. b6 a6 30. f3 Ne7 31. Rf4+ Ke5 32. Be4 Kd6 33. Kg2 a5 34.
g4 hxg4 35. fxg4 Nc6 36. Rf5 Nb4 37. Bc1 Ke6 38. Rg5 Kf6 39. Rg6+ Kf7 40. Bf4
Re8 41. Rg5 Re7 42. Rxc5 g6 43. Rc7 1-0

[Event "Superbet Varsavia Blitz 2026"]
[Site "Varsavia"]
[Date "08.05.2026"]
[Round "3B"]
[White "Wojtaszek, Radoslaw"]
[Black "Sindarov, Javokhir"]
[Result "1/2-1/2"]
[WhiteElo "2558"]
[BlackElo "2662"]
[PlyCount "153"]
[EventDate "2026.??.??"]

1. d4 Nf6 2. Nf3 g6 3. g3 c5 4. c3 b6 5. Bg2 Bb7 6. a4 Bg7 7. O-O O-O 8. a5
cxd4 9. cxd4 bxa5 10. Qa4 Nc6 11. Nc3 Rb8 12. Ne5 Nb4 13. Bxb7 Rxb7 14. Nc4 Nc6
15. Nxa5 Qxa5 16. Qxa5 Nxa5 17. Rxa5 Rc8 18. Rd1 d6 19. Kf1 Nd7 20. e3 Nb6 21.
Rb5 Rcb8 22. Nd5 Nxd5 23. Rxd5 Rc8 24. Ra5 Rc2 25. Ke1 e5 26. dxe5 Bxe5 27. Ra2
Kf8 28. Bd2 Rcxb2 29. Rxb2 Rxb2 30. Rc1 Ra2 31. f4 Bf6 32. Rc6 Ke7 33. Bb4 a5
34. Bxd6+ Kd7 35. Ra6 Bc3+ 36. Kf1 Rxh2 37. e4 f6 38. e5 fxe5 39. Bxe5 Bb4 40.
g4 h5 41. Kg1 Rh4 42. gxh5 gxh5 43. Kg2 Rg4+ 44. Kf3 Rg1 45. f5 Rf1+ 46. Ke4 h4
47. Rh6 a4 48. Rxh4 a3 49. Rh7+ Kc6 50. Ra7 Bc5 51. Ra8 Re1+ 52. Kf4 Kd5 53.
Bc3 Rc1 54. Bg7 Rf1+ 55. Kg5 Rf2 56. Kg6 a2 57. Ba1 Kc4 58. f6 Kb3 59. f7 Rf1
60. Be5 Ba3 61. Bg7 Rg1+ 62. Kf5 Rf1+ 63. Ke6 Bb4 64. Be5 Re1 65. Kf5 Rf1+ 66.
Ke6 Rf2 67. Bg7 Re2+ 68. Kf5 Re1 69. Bh8 Rf1+ 70. Ke6 Ba3 71. Bg7 Re1+ 72. Kf5
Rf1+ 73. Ke6 Bc5 74. Bh8 Bb4 75. Bg7 Re1+ 76. Kf5 Rf1+ 77. Ke4 1/2-1/2

[Event "Superbet Varsavia Blitz 2026"]
[Site "Varsavia"]
[Date "08.05.2026"]
[Round "3B"]
[White "Fedoseev, Vladimir"]
[Black "Gukesh, Dommaraju"]
[Result "1/2-1/2"]
[WhiteElo "2756"]
[BlackElo "2646"]
[PlyCount "189"]
[EventDate "2026.??.??"]

1. e4 e5 2. Nf3 Nc6 3. Bb5 a6 4. Ba4 Bc5 5. c3 Nge7 6. O-O Ng6 7. d4 Ba7 8. Re1
O-O 9. Be3 d6 10. Bxc6 bxc6 11. dxe5 Bxe3 12. Rxe3 dxe5 13. Qxd8 Rxd8 14. Nbd2
a5 15. b3 a4 16. b4 Be6 17. g3 f6 18. Nf1 Ne7 19. Ne1 Nc8 20. Nd3 Bc4 21. Nc5
a3 22. Nb7 Re8 23. Nd2 Bf7 24. Nb3 Nd6 25. N7a5 Nc4 26. Nxc4 Bxc4 27. Na5 Be6
28. Nxc6 Ra6 29. Na5 c5 30. Nb7 cxb4 31. Nc5 Rb6 32. cxb4 Rxb4 33. Rxa3 Bf7 34.
Rc3 Rc8 35. a4 Be8 36. Raa3 Kf7 37. f3 Ke7 38. a5 Rb5 39. Nd3 Rxa5 40. Nb4 Rxa3
41. Rxa3 Rc4 42. Nd5+ Kf8 43. Ra8 Kf7 44. Ra7+ Kf8 45. g4 Bc6 46. Nc7 Bd7 47.
Kf2 Rc2+ 48. Kg3 Rd2 49. h4 Ke7 50. Nd5+ Ke6 51. Ra6+ Kf7 52. Ra7 Ke8 53. g5 f5
54. f4 fxe4 55. Nc7+ Kd8 56. fxe5 e3 57. e6 Bc6 58. e7+ Kxe7 59. Nd5+ Kf8 60.
Nxe3 Rd3 61. Kf2 Rd2+ 62. Kg3 Rd3 63. Kf2 Rd4 64. Ra6 Bb7 65. Rb6 Be4 66. Kg3
Bg6 67. Ng4 Rd3+ 68. Kf2 Rd4 69. Ne5 Bf5 70. Kg3 Re4 71. Rb5 g6 72. Nf3 Rg4+
73. Kf2 Be4 74. Ne5 Rxh4 75. Nd7+ Ke7 76. Kg3 Rh1 77. Nf6 Bc6 78. Rb6 Kd6 79.
Rb8 Rg1+ 80. Kf4 Rf1+ 81. Kg3 Rg1+ 82. Kf4 Rf1+ 83. Kg3 Rh1 84. Rh8 Ke5 85.
Rxh7 Rg1+ 86. Kf2 Rxg5 87. Nd7+ Kd6 88. Nb6 Kc5 89. Nd7+ Kd4 90. Rh4+ Be4 91.
Rf4 Rg2+ 92. Kf1 Ra2 93. Nf6 Ke5 94. Rxe4+ Kxf6 95. Re3 1/2-1/2

[Event "Superbet Varsavia Blitz 2026"]
[Site "Varsavia"]
[Date "08.05.2026"]
[Round "3B"]
[White "Firouzja, Alireza"]
[Black "Duda, Jan-Krzysztof"]
[Result "1/2-1/2"]
[WhiteElo "2796"]
[BlackElo "2743"]
[PlyCount "82"]
[EventDate "2026.??.??"]

1. Nf3 Nf6 2. b3 g6 3. Bb2 Bg7 4. c4 O-O 5. g3 c6 6. Bg2 d5 7. O-O a5 8. d3 Bg4
9. Nbd2 Nbd7 10. h3 Bxf3 11. Nxf3 e6 12. a3 Qe7 13. Rc1 Rfd8 14. Qc2 Ne8 15. d4
Nd6 16. e3 f5 17. a4 Ne4 18. Ra1 Bf8 19. Ba3 Qg7 20. Bxf8 Qxf8 21. Rab1 Qe7 22.
Ne1 Nb8 23. Nd3 Na6 24. c5 Nb4 25. Nxb4 axb4 26. Bxe4 fxe4 27. f4 exf3 28. Rxf3
Rf8 29. Rbf1 e5 30. Rxf8+ Rxf8 31. Rxf8+ Kxf8 32. Qd2 Qg5 33. Kg2 e4 34. Qf2+
Ke7 35. Qf4 Qxf4 36. gxf4 Kf6 37. h4 h5 38. Kg3 Kf5 39. Kh3 Kf6 40. Kg3 Kf5 41.
Kh3 Kf6 1/2-1/2

[Event "Superbet Varsavia Blitz 2026"]
[Site "Varsavia"]
[Date "08.05.2026"]
[Round "4B"]
[White "Wojtaszek, Radoslaw"]
[Black "Firouzja, Alireza"]
[Result "0-1"]
[WhiteElo "2558"]
[BlackElo "2796"]
[PlyCount "52"]
[EventDate "2026.??.??"]

1. d4 d6 2. Nf3 Nf6 3. c4 c6 4. Nc3 Qc7 5. g3 e5 6. Bg2 e4 7. Ng5 d5 8. cxd5
cxd5 9. Qb3 h6 10. Bf4 Qa5 11. Nh3 Bb4 12. O-O Bxc3 13. bxc3 O-O 14. Bd6 Re8
15. Nf4 Nc6 16. f3 Qd8 17. fxe4 Qxd6 18. exd5 Na5 19. Qb5 Qd8 20. Rae1 Ne4 21.
Qd3 Bf5 22. g4 Bh7 23. c4 Rc8 24. Rc1 Nd6 25. e4 Nxe4 26. Nh5 Nd6 0-1

[Event "Superbet Varsavia Blitz 2026"]
[Site "Varsavia"]
[Date "08.05.2026"]
[Round "4B"]
[White "Duda, Jan-Krzysztof"]
[Black "Fedoseev, Vladimir"]
[Result "0-1"]
[WhiteElo "2743"]
[BlackElo "2756"]
[PlyCount "97"]
[EventDate "2026.??.??"]

1. Nf3 d5 2. d4 Nf6 3. g3 c6 4. Bg2 h6 5. c4 dxc4 6. O-O Nbd7 7. a4 a5 8. Na3
Nb6 9. Qc2 g6 10. Ne5 Bg7 11. Rd1 O-O 12. Naxc4 Be6 13. b3 Nfd5 14. Ba3 Nb4 15.
Qc1 Re8 16. Nxa5 Rxa5 17. Bxb4 Ra6 18. Qc2 Nd5 19. Be1 Qb6 20. Nc4 Qa7 21. e3
c5 22. Na3 Rc8 23. Nb5 Qb8 24. Qe2 Nc7 25. Rac1 Bxb3 26. Rd2 c4 27. Nc3 b5 28.
axb5 Nxb5 29. Rb2 e6 30. Rcb1 Na3 31. Ra1 Bf8 32. Ne4 Be7 33. Bc3 Qa7 34. Nc5
Bxc5 35. dxc5 Nb5 36. Rxa6 Qxa6 37. Be1 Qa1 38. c6 Nc3 39. Qd2 Nd5 40. Qe2 Rxc6
41. h4 Rd6 42. Kh2 Qa3 43. Rb1 c3 44. Bxd5 Bxd5 45. Qd3 Qa8 46. Qxc3 Bh1 47. e4
Bxe4 48. Ra1 Qc6 49. Qe3 0-1

[Event "Superbet Varsavia Blitz 2026"]
[Site "Varsavia"]
[Date "08.05.2026"]
[Round "4B"]
[White "Gukesh, Dommaraju"]
[Black "So, Wesley"]
[Result "1-0"]
[WhiteElo "2646"]
[BlackElo "2798"]
[PlyCount "123"]
[EventDate "2026.??.??"]

1. Nf3 Nf6 2. b3 d5 3. Bb2 Bf5 4. d3 h6 5. g3 e6 6. Bg2 Be7 7. O-O O-O 8. Nc3
Bh7 9. Nd2 c5 10. e4 Nc6 11. exd5 Nxd5 12. Nce4 Rc8 13. Re1 Re8 14. Nc4 Nd4 15.
Ne3 Nb4 16. a3 Nbc6 17. Nd2 Bf6 18. Rb1 Nb5 19. Qc1 Bxb2 20. Qxb2 Qd4 21. a4
Nc3 22. Nf3 Qb4 23. Ra1 Nd4 24. Ne5 b6 25. h4 h5 26. Nf3 Rcd8 27. Ne5 f6 28.
N5c4 Bg6 29. Kh2 Re7 30. Rf1 a6 31. Nd1 Nxd1 32. Rfxd1 b5 33. axb5 Qxb5 34. Ra5
Qb8 35. Rxc5 Nf5 36. Kg1 Nxg3 37. fxg3 Qxg3 38. Qc1 Rd4 39. Qe3 Qxh4 40. Qf2
Qg4 41. Ne3 Qf4 42. Qxf4 Rxf4 43. Ra1 Ra7 44. Rc6 e5 45. Raxa6 Rd7 46. Rc4 Bf7
47. Rxf4 exf4 48. Nc4 h4 49. Nd6 Bh5 50. b4 f3 51. Bf1 Re7 52. b5 Re1 53. Kf2
Rb1 54. b6 g5 55. b7 g4 56. Ra8+ Kg7 57. b8=Q g3+ 58. Ke3 Rxb8 59. Rxb8 g2 60.
Bxg2 fxg2 61. Kf2 h3 62. Nf5+ 1-0

[Event "Superbet Varsavia Blitz 2026"]
[Site "Varsavia"]
[Date "08.05.2026"]
[Round "4B"]
[White "Niemann, Hans Moke"]
[Black "Caruana, Fabiano"]
[Result "1-0"]
[WhiteElo "2699"]
[BlackElo "2749"]
[PlyCount "79"]
[EventDate "2026.??.??"]

1. e4 c5 2. Nf3 d6 3. d4 cxd4 4. Nxd4 Nf6 5. Nc3 a6 6. Be2 e5 7. Nb3 Be7 8. Be3
Be6 9. Nd5 Bxd5 10. exd5 Nbd7 11. Qd3 Rc8 12. O-O O-O 13. c4 a5 14. Kh1 b6 15.
f4 a4 16. Nd2 Re8 17. fxe5 Nxe5 18. Qa3 Ra8 19. Bd4 Bf8 20. Bd1 Qc7 21. Rxf6
gxf6 22. Bxa4 Ng6 23. Qb3 Re2 24. Bc6 Rb8 25. Qd3 Qe7 26. Rf1 Bg7 27. b4 f5 28.
Nf3 Qe4 29. Qd1 Nf4 30. Bxg7 Kxg7 31. Qd4+ f6 32. a4 Nd3 33. h3 Nxb4 34. Bd7
Nd3 35. Nh4 Qxd4 36. Nxf5+ Kf7 37. Nxd4 Re1 38. Rxe1 Nxe1 39. Be6+ Kg6 40. Bf5+
1-0

[Event "Superbet Varsavia Blitz 2026"]
[Site "Varsavia"]
[Date "08.05.2026"]
[Round "4B"]
[White "Sindarov, Javokhir"]
[Black "Vachier-Lagrave, Maxime"]
[Result "0-1"]
[WhiteElo "2662"]
[BlackElo "2761"]
[PlyCount "120"]
[EventDate "2026.??.??"]

1. Nf3 Nf6 2. c4 c5 3. Nc3 Nc6 4. g3 g6 5. Bg2 Bg7 6. d4 cxd4 7. Nxd4 h5 8. O-O
h4 9. Bf4 h3 10. Bf3 O-O 11. Nc2 d6 12. Qd2 Be6 13. b3 Qa5 14. Rac1 Nh5 15. Nd5
Nxf4 16. Qxa5 Nxe2+ 17. Bxe2 Nxa5 18. Nxe7+ Kh7 19. Bf3 Rfe8 20. Nd5 Rac8 21.
Rcd1 b5 22. Nf4 bxc4 23. Ne3 cxb3 24. axb3 Bxb3 25. Rxd6 Nc4 26. Nxc4 Bxc4 27.
Rfd1 Be5 28. Rd7 Bxf4 29. gxf4 Bb3 30. Rf1 a5 31. Bd5 Bxd5 32. Rxd5 a4 33. Rd3
Re4 34. Rxh3+ Kg7 35. f5 g5 36. Rg3 Kf6 37. Rb1 Rc6 38. Rb5 Ra6 39. Ra3 Rf4 40.
Kg2 Rxf5 41. Rb4 Rf4 42. Rb5 Kg6 43. h3 f6 44. Rb8 Rc6 45. Ra8 Rc2 46. Rf3 Rxf3
47. Kxf3 Rc4 48. Ra5 Rf4+ 49. Kg3 Kf7 50. Ra6 Ke7 51. f3 Kf7 52. Kf2 Ke8 53.
Kg3 Ke7 54. Kg2 Kd7 55. Kg3 Kc7 56. h4 Kb7 57. Re6 Rxh4 58. Rxf6 a3 59. Rf5 Ra4
60. Rb5+ Kc6 0-1

[Event "Superbet Varsavia Blitz 2026"]
[Site "Varsavia"]
[Date "08.05.2026"]
[Round "5B"]
[White "So, Wesley"]
[Black "Duda, Jan-Krzysztof"]
[Result "1-0"]
[WhiteElo "2798"]
[BlackElo "2743"]
[PlyCount "143"]
[EventDate "2026.??.??"]

1. Nf3 c5 2. e4 a6 3. g3 b5 4. d4 cxd4 5. Nxd4 e5 6. Nf3 d6 7. Nc3 Nf6 8. Bg5
Nbd7 9. a4 bxa4 10. Rxa4 Be7 11. Bxf6 Nxf6 12. Bb5+ Kf8 13. Bc4 Bd7 14. Ra2 g6
15. O-O Kg7 16. Qd3 a5 17. Rfa1 Qb6 18. Kg2 Rhc8 19. Nd2 Ra7 20. b3 Qc5 21. Nd5
Nxd5 22. Qxd5 Qxd5 23. Bxd5 Rc3 24. Nc4 Be6 25. Nxa5 Rac7 26. Bxe6 fxe6 27. Nc4
d5 28. exd5 exd5 29. Nxe5 Rxc2 30. Rxc2 Rxc2 31. Rd1 Rb2 32. Rxd5 Rxb3 33. Rd7
Kf6 34. Nc6 Bc5 35. Rd5 Rc3 36. Rd2 Ke6 37. Re2+ Kf6 38. h4 Bd6 39. Nd4 Be5 40.
Nf3 Bc7 41. Ng5 Rc4 42. Nxh7+ Kg7 43. Re7+ Kg8 44. Nf6+ Kf8 45. Rd7 Rc2 46. Ne4
Ke8 47. Rd2 Rc1 48. Ng5 Ke7 49. Re2+ Kf6 50. Re6+ Kg7 51. Re7+ Kg8 52. Re8+ Kg7
53. Ne6+ Kf7 54. Nxc7 Rxc7 55. Re2 Ra7 56. Re5 Kf6 57. Rb5 Ra4 58. Kh3 Ra2 59.
f4 Ra6 60. h5 gxh5 61. Rxh5 Kg6 62. Kg4 Rb6 63. Rc5 Ra6 64. Kh4 Rf6 65. f5+
Rxf5 66. Rxf5 Kxf5 67. Kh5 Kf6 68. g4 Kg7 69. Kg5 Kf7 70. Kh6 Kg8 71. g5 Kh8
72. g6 1-0

[Event "Superbet Varsavia Blitz 2026"]
[Site "Varsavia"]
[Date "08.05.2026"]
[Round "5B"]
[White "Firouzja, Alireza"]
[Black "Sindarov, Javokhir"]
[Result "1/2-1/2"]
[WhiteElo "2796"]
[BlackElo "2662"]
[PlyCount "108"]
[EventDate "2026.??.??"]

1. Nf3 Nf6 2. b3 g6 3. Bb2 Bg7 4. e3 O-O 5. d4 d6 6. Be2 e5 7. dxe5 Nfd7 8. O-O
dxe5 9. Nc3 Re8 10. Qc1 b6 11. Rd1 Bb7 12. e4 Qc8 13. Bc4 h6 14. Nd5 Ba6 15.
Ne3 Bxc4 16. Nxc4 Nc6 17. a4 Nc5 18. Re1 Qe6 19. Ba3 Nxa4 20. c3 b5 21. Ne3 Nb6
22. Qc2 Na5 23. Rab1 c6 24. h4 Nb7 25. h5 a5 26. Rbd1 Rad8 27. hxg6 fxg6 28. g3
Nd7 29. Kg2 Nf6 30. Rxd8 Rxd8 31. Nh4 Kh7 32. Rh1 Nd6 33. Bxd6 Qxd6 34. Nf3 Qd3
35. Qa2 Qxc3 36. Ng5+ Kg8 37. b4+ Nd5 38. exd5 hxg5 39. dxc6+ Kf8 40. Qxa5
Qxc6+ 41. Kh2 Ra8 42. Rc1 Rxa5 43. Rxc6 Ra2 44. Kg2 e4 45. Re6 Bd4 46. Rxe4
Bxe3 47. Rxe3 Rb2 48. Re4 Kf7 49. Kf3 Kf6 50. g4 Rb3+ 51. Kg2 Rb2 52. Kg3 Rb3+
53. Kg2 Rb2 54. Kg3 Rb3+ 1/2-1/2

[Event "Superbet Varsavia Blitz 2026"]
[Site "Varsavia"]
[Date "08.05.2026"]
[Round "5B"]
[White "Vachier-Lagrave, Maxime"]
[Black "Niemann, Hans Moke"]
[Result "0-1"]
[WhiteElo "2761"]
[BlackElo "2699"]
[PlyCount "100"]
[EventDate "2026.??.??"]

1. e4 e5 2. Nf3 Nc6 3. Bb5 a6 4. Ba4 Nf6 5. O-O Be7 6. Re1 b5 7. Bb3 O-O 8. a4
b4 9. a5 d6 10. d3 Be6 11. Bxe6 fxe6 12. Nbd2 Rb8 13. c3 bxc3 14. bxc3 h6 15.
d4 exd4 16. cxd4 d5 17. Qe2 dxe4 18. Nxe4 Nxd4 19. Nxd4 Qxd4 20. Nxf6+ Bxf6 21.
Qxe6+ Kh8 22. Be3 Qd6 23. Qxd6 cxd6 24. Rac1 Rbc8 25. Bb6 Kg8 26. Kf1 Kf7 27.
Rcd1 Rc6 28. g3 Re8 29. h4 Rxe1+ 30. Rxe1 Rc2 31. h5 d5 32. Re3 d4 33. Rd3 Rc4
34. Ke2 Ke6 35. Rb3 Kd5 36. Kd3 Rc1 37. Ra3 Rb1 38. Ba7 Rd1+ 39. Ke2 Rh1 40. g4
Rg1 41. Kf3 Re1 42. Ra4 Be5 43. Rb4 Re4 44. Rb7 Rf4+ 45. Ke2 Rxg4 46. Rb6 Re4+
47. Kd3 Rh4 48. Rxa6 Rh3+ 49. Ke2 Bf4 50. f3 Rh2+ 0-1

[Event "Superbet Varsavia Blitz 2026"]
[Site "Varsavia"]
[Date "08.05.2026"]
[Round "5B"]
[White "Fedoseev, Vladimir"]
[Black "Wojtaszek, Radoslaw"]
[Result "0-1"]
[WhiteElo "2756"]
[BlackElo "2558"]
[PlyCount "69"]
[EventDate "2026.??.??"]

1. e4 e5 2. Nf3 Nc6 3. Bb5 a6 4. Ba4 Nf6 5. d3 b5 6. Bb3 Be7 7. a4 Bb7 8. Nc3
b4 9. Nd5 Na5 10. Ba2 Nxd5 11. Bxd5 Bxd5 12. exd5 d6 13. Qe2 c6 14. d4 O-O 15.
O-O cxd5 16. dxe5 dxe5 17. Qxe5 Bf6 18. Qf5 Nc4 19. Rb1 Qd6 20. Rd1 Rad8 21.
Bg5 Qe6 22. Qd3 Nxb2 23. Rxb2 Bxb2 24. Bxd8 Rxd8 25. Re1 Qc6 26. Ng5 g6 27. Qh3
h5 28. Qd3 Re8 29. Rd1 Bf6 30. Nf3 Qxa4 31. h3 Rc8 32. Qxd5 Rd8 33. Qxd8+ Bxd8
34. Rxd8+ Kg7 35. Rd2 0-1

[Event "Superbet Varsavia Blitz 2026"]
[Site "Varsavia"]
[Date "08.05.2026"]
[Round "5B"]
[White "Caruana, Fabiano"]
[Black "Gukesh, Dommaraju"]
[Result "1-0"]
[WhiteElo "2749"]
[BlackElo "2646"]
[PlyCount "85"]
[EventDate "2026.??.??"]

1. Nf3 d5 2. c4 e6 3. g3 d4 4. Bg2 Nc6 5. O-O Nh6 6. d3 Nf5 7. Re1 Be7 8. e4
dxe3 9. fxe3 h5 10. d4 h4 11. g4 h3 12. gxf5 hxg2 13. d5 exd5 14. cxd5 Bh4 15.
dxc6 Bxe1 16. Qxd8+ Kxd8 17. Nxe1 Bxf5 18. Nc3 Re8 19. Nxg2 bxc6 20. b3 f6 21.
Bb2 Kc8 22. Na4 Kd7 23. Rc1 Rad8 24. Bd4 Be4 25. Nc5+ Kc8 26. Nxe4 Rxe4 27.
Rxc6 Kb7 28. Rc4 Rd5 29. Nf4 Rb5 30. Kf2 g5 31. Nd3 Rf5+ 32. Kg3 Re7 33. Rc1 a5
34. Kg4 Rb5 35. Nc5+ Kc8 36. Kf5 Rh7 37. Rc2 Rb6 38. Ne4 Rb5+ 39. Kxf6 Rh6+ 40.
Kg7 Re6 41. Nc5 Rc6 42. a4 Rxb3 43. Rf2 1-0

[Event "Superbet Varsavia Blitz 2026"]
[Site "Varsavia"]
[Date "08.05.2026"]
[Round "6B"]
[White "Gukesh, Dommaraju"]
[Black "Vachier-Lagrave, Maxime"]
[Result "1/2-1/2"]
[WhiteElo "2646"]
[BlackElo "2761"]
[PlyCount "133"]
[EventDate "2026.??.??"]

1. Nf3 d5 2. c4 d4 3. b4 c5 4. Bb2 f6 5. bxc5 e5 6. e3 Nc6 7. exd4 exd4 8. d3
Bxc5 9. Nbd2 Nge7 10. Be2 O-O 11. O-O Nf5 12. Nb3 Bd6 13. Re1 Bb4 14. Nfd2 a5
15. a3 Be7 16. a4 Bb4 17. Ba3 Re8 18. Bf3 Rxe1+ 19. Qxe1 Bc3 20. Rc1 Ne5 21.
Bd5+ Kh8 22. Qe2 Ne7 23. Bxe7 Qxe7 24. f4 Bg4 25. Qe4 Ng6 26. Bxb7 Rb8 27. Qxe7
Nxe7 28. Ba6 Bf5 29. Bb5 Bxd3 30. Nf3 Nf5 31. g4 Be2 32. Kf2 Bxf3 33. Kxf3 Nd6
34. Ke2 Rc8 35. Kd3 Nb7 36. Nxd4 Bb2 37. Rb1 Nc5+ 38. Ke3 Bc3 39. Nf5 Rd8 40.
Bc6 g6 41. Ne7 Bd2+ 42. Ke2 Bxf4 43. Nd5 Bxh2 44. Rb5 Nxa4 45. Rxa5 Nb2 46. c5
Nc4 47. Ra7 Be5 48. Bd7 Rb8 49. c6 Rb2+ 50. Kd3 Nb6 51. Nxb6 Rxb6 52. c7 Bxc7
53. Rxc7 Kg7 54. Be6+ Kh6 55. Bg8 Kg5 56. Bxh7 Rb3+ 57. Ke2 Rb8 58. Rg7 Kh6 59.
Rxg6+ Kxh7 60. Rxf6 Kg7 61. Re6 Rb2+ 62. Kf3 Rb5 63. Rd6 Ra5 64. Re6 Rb5 65.
Rd6 Ra5 66. Re6 Rb5 67. Rd6 1/2-1/2

[Event "Superbet Varsavia Blitz 2026"]
[Site "Varsavia"]
[Date "08.05.2026"]
[Round "6B"]
[White "Wojtaszek, Radoslaw"]
[Black "So, Wesley"]
[Result "1/2-1/2"]
[WhiteElo "2558"]
[BlackElo "2798"]
[PlyCount "92"]
[EventDate "2026.??.??"]

1. d4 d5 2. c4 c6 3. Nf3 Nf6 4. Qc2 g6 5. cxd5 cxd5 6. Bf4 Nc6 7. Nc3 Bg7 8. e3
O-O 9. Be2 a6 10. O-O Nh5 11. Bg5 h6 12. Bh4 g5 13. Bg3 Nxg3 14. hxg3 e6 15.
Na4 Bd7 16. Nc5 Rb8 17. a3 Be8 18. b4 a5 19. b5 Ne7 20. Rac1 Nf5 21. a4 Qe7 22.
Qd2 f6 23. Rc2 b6 24. Na6 Rb7 25. Rfc1 Nd6 26. Bd3 g4 27. Ne1 Bd7 28. Be2 h5
29. Nd3 Bh6 30. Nf4 Bxf4 31. exf4 Rc8 32. Bd3 Rxc2 33. Rxc2 Kg7 34. Qc1 Qd8 35.
f5 e5 36. dxe5 fxe5 37. Nc7 e4 38. Bf1 d4 39. Qf4 Rxc7 40. Qxd6 Rxc2 41. Qg6+
Kf8 42. Qh6+ Kf7 43. Qg6+ Kf8 44. Qh6+ Kf7 45. Qg6+ Kf8 46. Qh6+ Kf7 1/2-1/2